Advertising management / (Record no. 14747)

MARC details
000 -LEADER
fixed length control field 00913nam a22002417a 4500
005 - DATE AND TIME OF LATEST TRANSACTION
control field 20080807150710.0
008 - FIXED-LENGTH DATA ELEMENTS--GENERAL INFORMATION
fixed length control field 080807t xxu||||| |||| 00| 0 eng d
010 ## - LCCN (DPL NO)
LC control number ENG-90679
020 ## - INTERNATIONAL STANDARD BOOK NUMBER
International Standard Book Number 8184350899
Terms of availability 625.00
035 ## - SYSTEM CONTROL NUMBER
System control number EN-74212
037 ## - SOURCE OF ACQUISITION
Source of stock number/acquisition DBAD / PUB
040 ## - CATALOGING SOURCE
Original cataloging agency DPL
Language of cataloging ENGLISH
082 ## - DEWEY DECIMAL CLASSIFICATION NUMBER
Classification number 659.1
100 ## - MAIN ENTRY--PERSONAL NAME
Personal name Malviya, Subhash
245 ## - TITLE STATEMENT
Title Advertising management /
Statement of responsibility, etc by Subhash Malviya
260 ## - PUBLICATION, DISTRIBUTION, ETC. (IMPRINT)
Place of publication, distribution, etc New Delhi
Name of publisher, distributor, etc Adhyayan Publishers and Distributors
Date of publication, distribution, etc 2007
300 ## - PHYSICAL DESCRIPTION
Extent v, 224p.
Dimensions 22 cm.(Hb)
500 ## - GENERAL NOTE
General note Includes bibliographical references and index
600 ## - SUBJECT ADDED ENTRY--PERSONAL NAME
Personal name Charu Sheel Singh (1955-)
General subdivision English poetry
-- History and criticism
650 ## - SUBJECT ADDED ENTRY--TOPICAL TERM
Topical term or geographic name as entry element Advertising
General subdivision Management
942 ## - ADDED ENTRY ELEMENTS (KOHA)
Source of classification or shelving scheme Dewey Decimal Classification
Item type English Books
Classification part 659.1
Call number suffix MAL
Holdings
Withdrawn status Lost status Source of classification or shelving scheme Damaged status Not for loan Collection code Home library Current library Date acquired Source of acquisition Cost, normal purchase price Total Checkouts Full call number Barcode Date last seen Cost, replacement price Koha item type
    Dewey Decimal Classification   Not For Loan Non-fiction D.B.Act.Division D.B.Act.Division 07/08/2008 DBAD / PUB 625.00   659.1 MAL EN-74212 15/09/2008 625.00 English Books

© Delhi Public Library
Hit Counter
free hit counter